000 01403namaa2200337 i 4500
001 190575
003 ES-MaACL
005 20260310100040.0
008 220104s2014 sp ae 001 0 spa
020 _a978-84-941684-7-5
080 _a72 Barragán, Luis
080 _a72 Sota, Alejandro de la
080 _a72.036
245 0 3 _aLa arquitectura de la esencia :
_bL. Barragán (1902-88), A. de la Sota (1913-96) /
_c[directores, María Carreiro, Cándido López].
260 _aSevilla :
_bRecolectores Urbanos,
_c2014.
300 _a153 p. :
_bil. col. y n., planos ;
_c24 cm.
490 1 _aConferences CSS ;
_v3
500 _aÍndice disponible en Dialnet.
504 _aReferencias bibliográficas.
594 _aEn verso de port.: Grupo de Investigación GAUS, ETSA A Coruña
600 1 4 _aBarragán, Luis,
_d1902-1988
_9173977
600 1 4 _aSota, Alejandro de la,
_d1913-1996
_9173978
650 4 _aArquitectura-
_yS.XX.
_910007
700 1 _aCarreiro, María.
_9171158
700 1 _aLópez González, Cándido.
_9173912
830 1 _aConferences CSS ;
_v3
_9193501
852 4 _aES-MaACL
_jA-14836
_9197753
_bR.152329
_cDEPO1
_dOlim: N-7836
_hDonativo :Editorial
856 4 _uhttps://dialnet.unirioja.es/servlet/libro?codigo=581635&utm_source=catalogo.bne.es&utm_medium=libro&utm_campaign=Dialnet_Widgets
_yÍndice (Dialnet)
942 _2udc
999 _c190575
_d190575